Countries Maneskin has Visited - Statistics

General Stats
  • This quiz has been taken 38 times
    33 since last reset
  • The average score is 27 of 36
Answer Stats
Continent Country % Correct
Oceania Australia
97%
South America Brazil
97%
Asia Japan
97%
Asia/ Europe Russia
97%
North America Canada
93%
Europe Spain
93%
Europe United Kingdom
93%
North America United States of America
93%
Europe Germany
90%
Europe Italy
90%
Europe France
87%
South America Argentina
80%
South America Chile
80%
Europe Poland
80%
North America Mexico
77%
Europe Norway
77%
Europe Portugal
77%
Europe Belgium
73%
Europe Finland
73%
Europe Greece
73%
Asia/ Europe Turkey
73%
Europe Sweden
70%
South America Colombia
67%
Europe Netherlands
67%
Europe Austria
63%
Europe Denmark
63%
Europe Ireland
63%
Europe Switzerland
63%
Europe Estonia
57%
Europe Hungary
57%
Europe Lithuania
57%
Europe Czech Republic
53%
Europe Latvia
53%
Europe Luxembourg
50%
Europe Monaco
50%
Asia Singapore
30%
No matching quizzes found
Score Distribution
Percent of People with Each Score
Percentile by Number Answered
Your Score History
You have not taken this quiz since the last reset